Rahsia lebah (Record no. 160762)

MARC details
000 -LEADER
fixed length control field 00771nam a2200253 i 4500
001 - CONTROL NUMBER
control field C2-0217591
003 - CONTROL NUMBER IDENTIFIER
control field PPAK
005 - DATE AND TIME OF LATEST TRANSACTION
control field 20180728110103.0
008 - FIXED-LENGTH DATA ELEMENTS--GENERAL INFORMATION
fixed length control field 990630s1997 my a|||| ||||| | may d
020 ## - INTERNATIONAL STANDARD BOOK NUMBER
International Standard Book Number 983098091X ; 9789830980911
040 ## - CATALOGING SOURCE
Original cataloging agency PPAK
Language of cataloging eng
Transcribing agency PPAK
Description conventions rda
082 04 - DEWEY DECIMAL CLASSIFICATION NUMBER
Classification number 615.882
Edition number 23
090 00 - LOCALLY ASSIGNED LC-TYPE CALL NUMBER (OCLC); LOCAL CALL NUMBER (RLIN)
Classification number (OCLC) (R) ; Classification number, CALL (RLIN) (NR) 615.882
Feature heading ABD
Feature heading G
100 0# - MAIN ENTRY--PERSONAL NAME
Personal name Abdul Halim Bashah,
Dates associated with a name 1951-
Relator term author
245 10 - TITLE STATEMENT
Title Rahsia lebah
264 #1 - PRODUCTION, PUBLICATION, DISTRIBUTION, MANUFACTURE, AND COPYRIGHT NOTICE
Place of production, publication, distribution, manufacture Batu Caves, Selangor :
Name of producer, publisher, distributor, manufacturer Pustaka Ilmi ,
Date of production, publication, distribution, manufacture, or copyright notice 1997
300 ## - PHYSICAL DESCRIPTION
Extent x, 165 pages :
Other physical details colour photographs ;
Dimensions 22 cm
336 ## - CONTENT TYPE
Source rdacontent
Content type term text
337 ## - MEDIA TYPE
Source rdamedia
Media type term unmediated
338 ## - CARRIER TYPE
Source rdacarrier
Carrier type term volume
500 ## - GENERAL NOTE
General note Includes bibliographical references pages 163-165 and index.
650 10 - SUBJECT ADDED ENTRY--TOPICAL TERM
Topical term or geographic name entry element Honey - Health aspects.
942 ## - ADDED ENTRY ELEMENTS (KOHA)
-- dc
Koha item type Book
Holdings
Withdrawn Not for loan Current library Shelving location Date acquired Full call number Barcode Date last seen Koha item type Total Checkouts
    PD25, KEDA Batu 13, Pokok Sena Pinjaman Dewasa 30/06/1999 615.882 ABD A00269604 01/06/2018 Book  
    PD30, Bandar Baru Beris Jaya, Sik Pinjaman Dewasa 30/06/1999 615.882 ABD A00269605 01/06/2018 Book